| 000 | 00998naa a22003497a 4500 | ||
|---|---|---|---|
| 001 | BR8305787 | ||
| 003 | BR-BrBNA | ||
| 005 | 20250721154422.0 | ||
| 007 | ta | ||
| 008 | 250630b bl.|||m| |||| 00| 0 por d | ||
| 040 |
_aBR-BrBNA _bpor _cBiblioteca Nacional de Agricultura |
||
| 041 | _a(Pt) | ||
| 072 |
_aF01; F06 _b/G514 |
||
| 090 | _aF01 BR8305787 | ||
| 100 | 1 | _aMonteiro, M.M. | |
| 245 | 1 | _aIrrigacao de Hortigranjeiros [Mage, Rio de Janeiro, Brasil] | |
| 250 | 1 | _a2. ed. | |
| 500 | _aPROVARZEAS Nacional 2. ed.Brasilia, DF (Brasil): 1983. p. 161-163 (BR8305787-AMS) | ||
| 650 | _aBATATA DOCE | ||
| 650 | _aMANDIOCA | ||
| 650 | _aABOBORA | ||
| 650 | _aINHAME | ||
| 650 | _aBERINJELA | ||
| 650 | _aQUIABO | ||
| 650 | _aPEPINO | ||
| 650 | _aPIMENTAO | ||
| 650 | _aVAGEM | ||
| 650 | _aJILO | ||
| 490 |
_aInformacao Tecnica - Programa Nacional para Aproveitamento de Varzeas Irrigaveis (Brazil) _vno. 2 |
||
| 942 |
_cAMS _2AGRIS |
||
| 909 |
_a202506 _bLúcia _c55 _dLúcia Elande |
||
| 999 |
_c334624 _d334624 |
||